Pokémon-Tous les Cristaux Z - Statistiques

Statistiques générales
  • Ce quiz a été pris 29 fois
  • Le résultat moyen est 23 sur 35
Statistiques - réponses
Cristaux Z % Correct
Spectrozélite
100%
Aquazélite
95%
Pyrozélite
95%
Ténébrozélite
95%
Aérozélite
90%
Combazélite
90%
Normazélite
90%
Insectozélite
81%
Pikazélite
81%
Toxizélite
81%
Archézélite
76%
Oratozélite
76%
Cryozélite
71%
Dracozélite
71%
Rocazélite
71%
Félinozélite
62%
Lougarozélite
62%
Lunazélite
62%
Métallozélite
62%
Ronflézélite
62%
Terrazélite
62%
Ekaizélite
57%
Solgazélite
57%
Evolizélite
52%
Marshadozélite
52%
Mimiquizélite
52%
Voltazélite
52%
Florazélite
48%
Mewzélite
48%
Nymphézélite
48%
Psychézélite
48%
Tokozélite
48%
Aloraizélite
38%
Pikachazélite
38%
Ultranécrozélite
38%
Aucun quiz correspondant
Distribution des résultats
% des personnes avec chaque résultat
Percentile par nombre de réponses
Votre historique - résultats
Vous n’avez pas pris ce quiz